Northern Ireland counties-Fermanagh and Omagh - Statistics

General Stats
  • This quiz has been taken 4 times
  • The average score is 6 of 15
Answer Stats
Hint Answer % Correct
County town of Fermanagh Enniskillen
100%
Largest town; site of a terrorist bombing in 1998 Omagh
100%
Border village famed for its pottery Belleek
75%
Series of limestone caves formed by three rivers, designated as a UNESCO Global Geopark Marble Arch Caves
75%
Open air museum documenting the history of emigration from Ireland to the United States Ulster American Folk Park
50%
Dramatist, short story writer and theatre promoter best known for works like Philadelphia, Here I Come! and Faith Healer Brian Friel
25%
Country mansion on the shore of Upper Lough Erne that is the seat of the Earls of Erne Crom Castle
25%
Island in Lower Lough Erne with a ruined Christian monastery raided by the Vikings Devenish Island
25%
Eighteenth century country house and estate, containing yew trees, a picturesque garden and a forest, owned by the National Trust Florence Court
25%
Scenic woodland valley located northeast of Tyrone's county town, in the foothills of the Sperrins Gortin Glen
25%
Remote Plantation village best known for the battle that occurred there during the Williamite Wars in 1689 Newtownbutler
25%
Former private school attended by such alumni as Oscar Wilde and Samuel Beckett Portora Royal School
25%
Wide, short waterfalls hidden deep in a forest near Kesh Drummoney Falls
0%
From 1856 to 1957, a horse drawn tram connected this village to the wider railway network Fintona
0%
Industrialist and soap manufacturer who co-founded a major American consumer goods conglomerate James Gamble
0%
No matching quizzes found
Score Distribution
Percent of People with Each Score
Percentile by Number Answered
Your Score History
You have not taken this quiz